Tafseeri Khazana (Record no. 14532)

MARC details
000 -LEADER
fixed length control field 00596nam a2200241 a 4500
020 ## - INTERNATIONAL STANDARD BOOK NUMBER
ISBN
082 00 - DEWEY DECIMAL CLASSIFICATION NUMBER
Classification number 297.1227
Author Cutter PAR2
100 ## - MAIN ENTRY--AUTHOR NAME
Author name Parikh, Abdul Kareem
245 ## - TITLE STATEMENT
Title Tafseeri Khazana
260 ## - PUBLICATION, DISTRIBUTION, ETC. (IMPRINT)
Place of publication Delhi
Name of publisher Fareed Book Depot.
Year of publication 1999
300 ## - PHYSICAL DESCRIPTION
Number of Pages 528p
500 ## - GENERAL NOTE
General note includes index and biblioraphy
505 2# - FORMATTED CONTENTS NOTE
Formatted contents note Index, Quranic Verses
650 ## - SUBJECT ADDED ENTRY--TOPICAL TERM
Topical Term Quran-Hermeneutics
942 ## - ADDED ENTRY ELEMENTS (KOHA)
Koha item type Books
700 1# -
-- Parikh, Abdul Kareem
Holdings
Collection code Home library Current library Date acquired Cost, normal purchase price Full call number Accession Number Koha item type
  Henry Martyn Institute Library Henry Martyn Institute Library 08/03/2007 100.00 297.1227 PAR2 020617 Books
                   Copyright © 2026 | Henry Martyn Institute | Hyderabad | TS-500052 | INDIA | Implemented by hmi.edu.in
Hit-Count:

Powered by Koha